| 000 | 00779nam a2200253 a 4500 | ||
|---|---|---|---|
| 001 | 51565 | ||
| 003 | BD-RjUL | ||
| 005 | 20211209075659.0 | ||
| 008 | 160831s1980 Us ||||| |||| 00| 0 eng d | ||
| 020 | _a0471276774 | ||
| 035 | _a(BD-RjUL) | ||
| 040 |
_aBD-RjUL _beng _cBD-RjUL |
||
| 041 | _aeng | ||
| 082 |
_223 _a519.23 _bIOF 1980 |
||
| 100 | 1 |
_aIosifescu, Marius _9154130 |
|
| 245 | 1 | 0 |
_aFinite Markov processes and their applications / _cMarius Iosifescu |
| 260 |
_aNew York : _bWiley, _c ©1980. |
||
| 300 |
_a294 p. ; _c24 cm |
||
| 490 | _aWiley series in probability and mathematical statistics. | ||
| 500 | _aIncludes Index | ||
| 650 |
_aIosifescu, Marius _9154131 |
||
| 830 |
_aWiley series in probability and mathematical statistics. _9118126 |
||
| 942 |
_2ddc _cBK |
||
| 999 |
_c51565 _d51565 |
||